Normal view
MARC view
Entry Personal Name
001 - CONTROL NUMBER
- control field: 49968
003 - CONTROL NUMBER IDENTIFIER
- control field: dpl
005 - DATE AND TIME OF LATEST TRANSACTION
- control field: 20120709152435.0
008 - FIXED-LENGTH DATA ELEMENTS
- fixed length control field: 120709|||a|||||| | ||| d
040 ## - CATALOGING SOURCE
- Original cataloging agency: dpl
- Transcribing agency: dpl
100 ## - HEADING--PERSONAL NAME
- Personal name: Jearth, Ashok
670 ## - SOURCE DATA FOUND
- Source citation: Work cat.: (dpl)68327: Jearth, Ashok, Dogra Legends Of Art And Culture/, 1998
670 ## - SOURCE DATA FOUND
- Source citation: Work cat.: (dpl)68327: Jearth, Ashok, Dogra Legends Of Art And Culture/, 1998
